Open Data Biblioteca Nacional de Portugal


República Portuguesa: Ministério da Cultura
Biblioteca Nacional de Portugal

Catálogo da BNP: acesso por Identificadores Unívocos
Registos Bibliográficos associados ao registo de autoridade

Etiqueta de registo: 00000nam 2200025 450
001 2072458
003 http://id.bnportugal.gov.pt/bib/catbnp/2072458
100 ## $a20210609d2019 k y0pory01030103ba
101 0# $apor$deng
102 ## $aPT
105 ## $aa m 000yy
106 ## $ar
200 1# $a A emigração clandestina nos concelhos raianos do distrito de Bragança, (1960-1974)$fPaula da Felicidade Ferreira Martins$gorient. Maria da Conceição Meireles Pereira
210 #9 $aPorto$c[s.n.],$d2019
215 ## $a[26], 238 p.$cil.$d30 cm
328 #1 $aTese dout. História, Faculdade de Letras, Universidade do Porto, 2019
675 ## $a94(469.201)"1960/1974"(043)$vBN$zpor$31818824
700 #1 $aMartins,$bPaula da Felicidade Ferreira$31811112
702 #1 $aPereira,$bMaria da Conceição Meireles,$f1960-$4727$373403
801 #0 $aPT$bBN$gRPC
966 ## $lBN$mFGMON$sH.G. 81269 V.$x1
972 ## $d20210914$e0$vpenetra
973 ## $cmmoinhos$d20210906

Etiqueta de registo: 00254nam 2200025 450
001 2284088
003 http://id.bnportugal.gov.pt/bib/catbnp/2284088
010 ## $a978-989-33-4711-9
021 ## $aPT$b516581/23
100 ## $a20260410d2023 k y0pory01030103ba
101 0# $apor
102 ## $aPT
105 ## $aa v 000yy
106 ## $ar
200 1# $a A emigração clandestina nos concelhos raianos do distrito de Bragança - (1960-1974)$fPaula da Felicidade Ferreira Martins
205 ## $a1ª ed
210 #9 $a[S.l.]$cAssociação de Municípios da Terra Fria do Nordeste Transmontano,$d2023
215 ## $a210 p.$cil.$d30 cm
675 ## $a94(469.201)"1960/1974"$vBN$zpor$31998304
675 ## $a314.74(469.201)"1960/1974"(091)$vBN$zpor$31998305
675 ## $a343.34(469.201)"1960/1974"(094.9)$vBN$zpor$31998306
700 #1 $aMartins,$bPaula da Felicidade Ferreira$31811112
801 #0 $aPT$bBN$gRPC
966 ## $lBN$mFGMON$x1
966 ## $lBN$mFGMON$x1
971 ## $cssilva$d20260410
973 ## $ctrodrigues$d20260513

OpendataBNP@bnportugal.pt | Mais informação sobre acesso aos dados BNP